000 00856nma a22002057a 4500
005 20210325193257.0
006 g q ||
008 s2535 th tha d
041 _atha
090 _aMP0333
100 0 _aYJ018
245 1 0 _aตารางแสดงคุณลักษณะของหน่วยที่ดิน จังหวัดชลบุรี แผ่นที่ 1 [MAP]
260 3 _aกรุงเทพฯ :
_bกระทรวงเกษตรและสหกรณ์. กรมพัฒนาที่ดิน. กองวางแผนการใช้ที่ดิน,
_c2535
300 _a1 แผ่นColour
650 0 4 _aที่ดิน -- ชลบุรี -- ตาราง
850 _aNALT
942 _cCD
997 _c000000000039618
_kVC
998 _aARUNTHIP
999 _c39618
_d39618